| 000 | 00864nas a2200289 4500 | ||
|---|---|---|---|
| 001 | BR0500894 | ||
| 003 | BR-BrBNA | ||
| 005 | 20231205105130.0 | ||
| 007 | ta | ||
| 008 | 230509b bl.|||p| |||| 00| 00por d | ||
| 040 |
_aBR-BrBNA _bpor _cBiblioteca Nacional de Agricultura |
||
| 041 | _a(Pt) | ||
| 072 | _aH20 | ||
| 100 | 1 | _aMilanez, A.I. | |
| 100 | 1 | _aPires-Zotarelli, C.L.A. | |
| 100 | 1 | _aSchoenlein-Crusius, I.H. | |
| 100 | 1 | _aLohmann, L.G. | |
| 245 | 1 | _aCriptógamos do Parque Estadual das Fontes do Ipiranga, São Paulo, SP: fungos, 8: Blastocladiales | |
| 650 | _aFUNGO | ||
| 650 | _aCRIPTÓGAMO | ||
| 650 | _aPARQUE ESTADUAL | ||
| 650 | _aBIODIVERSIDADE | ||
| 650 | _aSÃO PAULO | ||
| 773 | 0 |
_tHoehnea (Brazil) _xISSN 0073-2877 _g(Apr 2003), v. 30(1) p. 21-29 _wBR0500894 |
|
| 909 |
_a202311 _bLúcia _c55 _dLúcia Elande |
||
| 942 |
_2AGRIS _n0 _cANA |
||
| 999 |
_c181409 _d181409 |
||